Specifické formy závodního stravování

Gespeichert in:
Bibliographische Detailangaben
1. Verfasser: Sedláčková, Eva
Format: Buch
Sprache:Tschechisch
Veröffentlicht: Praha Práce 1989
Ausgabe:1. vyd.
Tags: Tag hinzufügen
Keine Tags, Fügen Sie das erste Tag hinzu!

MARC

LEADER 00000nam a2200000 4500
001 c031068
005 20250513140647.5
041 0 |a cze 
044 |a CZ 
245 1 0 |a Specifické formy závodního stravování  |c Eva Sedláčková 
250 |a 1. vyd. 
264 1 |a Praha  |b Práce  |c 1989 
300 |a 103 s. 
100 1 |a Sedláčková, Eva